PHARMACOLOGY (Record no. 32400)

MARC details
000 -LEADER
fixed length control field 00269nam a22001337a 4500
003 - CONTROL NUMBER IDENTIFIER
control field SGT
082 ## - DEWEY DECIMAL CLASSIFICATION NUMBER
Classification number 615
Item number DAS
100 ## - MAIN ENTRY--PERSONAL NAME
Personal name DAS, M.M.
245 ## - TITLE STATEMENT
Title PHARMACOLOGY
260 ## - PUBLICATION, DISTRIBUTION, ETC. (IMPRINT)
Place of publication, distribution, etc INDIA
Name of publisher, distributor, etc ANUBHA PUB.
Year of Publication 2001
300 ## - PAGE DESCRIPTION
No. of Pages 440
650 ## - SUBJECT ADDED ENTRY--TOPICAL TERM
Topical term or geographic name as entry element PHARMACOLOGY
942 ## - ADDED ENTRY ELEMENTS (KOHA)
Source of classification or shelving scheme Dewey Decimal Classification
Koha item type Books
Holdings
Withdrawn status Lost status Source of classification or shelving scheme Damaged status Not for loan Collection code Home library Current library Shelving location Date acquired SGTU Total Checkouts Full call number Accession No. (Barcode) Date last seen Bill Date Koha item type
    Dewey Decimal Classification     SCIENCE SGT Science & Social Sciences Library SGT Science & Social Sciences Library Text Book 25/08/2025 SGTU   615 DAS DP93 25/08/2025 25/08/2025 Books